000
00302nam a22001337a 4500
008
181122b xxu||||| |||| 00| 0 eng d
020
_a
0030021375
041
_a
eng
080
_2
3 TH
_a
370
100
_a
49
101
_a
EDU
245
_a
The Portable English Handbook
_c
Herman.W
942
_2
udc
_c
BK
999
_c
52314
_d
52314